Higher education in developing countries : a selected bibliography.

Guardat en:
Dades bibliogràfiques
Autor principal: Altbach, Philip G. (autor)
Format: Llibre
Idioma:anglès
Matèries:
Etiquetes: Afegir etiqueta
Sense etiquetes, Sigues el primer a etiquetar aquest registre!

MARC

LEADER 00000cam^a2200000uu^4500
001 000458060
005 20250521000000.0
008 050901s1970^^^^^^^^^^^^r^^r^^000^0^eng^d
009 20260526145651.358
035 |a FCE 000000505 
035 |a FCE 001406 
037 |a Acervo ITESO - Biblioteca 
041 |a eng 
082 0 4 |a 378.016  |b ALTh 
100 |a Altbach, Philip G.  |e (autor) 
245 1 0 |a Higher education in developing countries :  |b a selected bibliography. 
264 |a Cambridge :  |b Harvard University,  |c 1970. 
300 |a 118 p. 
336 |a texto  |b txt  |2 rdacontenido 
337 |a sin mediación  |b n  |2 rdamedio 
338 |a volumen  |b nc  |2 rdasoporte 
649 |a XX 
650 |a Países en desarrollo 
650 |a Educación superior 
650 |a Bibliografía 
910 |a Fondo Centro de Estudios Educativos 
920 |a Impresos - Libros 
930 |a Fondos Especiales 
905 |a 133 
901 |a ALE001406  |b IT2  |c CEE  |u 20250521 
902 |a https://opac.biblio.iteso.mx/vufind/Record/000458060